MAA '92 časopis pro management a administrativu

Salvato in:
Dettagli Bibliografici
Natura: Periodico
Lingua:ceco
Pubblicazione: Praha INTRA 1992
Soggetti:
Tags: Aggiungi Tag
Nessun Tag, puoi essere il primo ad aggiungerne!!

MARC

LEADER 00000nas2a2200000 4500
001 s016377
005 20041019155331.0
022 |a 0322-8452 
041 0 |a cze 
044 |a CZ 
245 1 0 |a MAA '92  |b časopis pro management a administrativu 
264 1 |a Praha  |b INTRA  |c 1992 
300 |a 1 zv. 
773 0 |w eu_un_cat*0014889 
610 2 0 |a administratíva 
610 2 0 |a mechanizácia 
610 2 0 |a automatizácia 
610 2 0 |a manažment